La mujer indígena de Centro América (notice nᵒ 12492)
[ vue normale ]
| 000 -Sello discográfico | |
|---|---|
| campo de control de longitud fija | 00989nam a2200277 4500 |
| 005 - Identificación de versión | |
| campo de control | 20251017062723.0 |
| 035 ## - Otros números de control del sistema | |
| Número de control del sistema | 12846 |
| 099 ## - fechas locales | |
| Tipo de ítem Koha | LIBRO |
| 100 ## - Datos de procesamiento general | |
| Datos de procesamiento general | 19930801d1957 m y1spay5003 ba |
| 105 ## - Campo de datos codificados: Material textual, monográfico | |
| Datos codificados de monografía | y 001zy |
| 200 1# - Título y mención de responsabilidad | |
| Título propio | La mujer indígena de Centro América |
| Designación general del material | texto impreso |
| Otra información del título | sumaria recopilación acerca de sus condiciones de vida |
| Primer mención de responsabilidad | Margarita Gamio de Alba |
| Declaración de responsabilidad subsiguiente | prólogo de Miguel León Portilla |
| 210 ## - Publicación, distribución, etc. | |
| Lugar de publicación, distribución, etc. | México |
| Nombre del editor, distribuidor, etc. | Instituto Indigenista Interamericano |
| Fecha de publicación, distribución, etc. | 1957 |
| 215 ## - Descripción física | |
| Designación de material específico y extensión del ítem | 90 p |
| Dimensiones | 24 cm |
| 345 ## - Nota de información de adquisición | |
| Fuente de adquisición/dirección de la suscripción [OBSOLETO] | Donación |
| 606 ## - Término temático usado como materia | |
| Elemento de entrada | Indios de América Central |
| Número Koha | 7524 |
| 606 ## - Término temático usado como materia | |
| Elemento de entrada | Mujeres |
| Subdivisión temática | Historia y condición de la mujer |
| Número Koha | 230 |
| 700 ## - Nombre personal - Responsabilidad primaria | |
| Elemento de entrada | Gamio de Alba |
| Parte del nombre distinta del elemento de entrada | Margarita |
| Número Koha | 19203 |
| 702 ## - Nombre personal - Responsabilidad secundaria | |
| Elemento de entrada | León Portilla |
| Parte del nombre distinta del elemento de entrada | Miguel |
| Fechas | 1926-2019 |
| Número Koha | 33 |
| 801 #0 - Fuente de origen | |
| Agencia | cm |
| 900 ## - | |
| -- | 1/9446 |
| 900 ## - | |
| -- | 710935106\\010893 |
| 942 ## - ELEMENTOS DE ENTRADA SECUNDARIOS (KOHA) | |
| Tipo de ítem Koha | Livre |
| 996 ## - | |
| -- | MEX |
| -- | 751145101 |
| -- | MMAG |
| -- | 005982 |
| -- | 301.412 G184M |
| -- | 20220126LIV |
| Estatus retirado | Estado de daño | Estado de pérdida | Fecha de adquisición | Biblioteca de origen | Biblioteca actual | Ubicación en estantería | Código de barras | Precio de reemplazo | Signatura topográfica completa | No para préstamo | Tipo de ítem Koha | Nota pública | Nota no pública |
|---|---|---|---|---|---|---|---|---|---|---|---|---|---|
| 05/08/2025 | Casa México Paris | Casa México Paris | 005982 | 05/08/2025 | 301.412 G184M | Livre | 20220126LIV | 751145101 |